| 000 | 01363nam a22003737a 4500 | ||
|---|---|---|---|
| 003 | CHAP | ||
| 005 | 20220329135233.0 | ||
| 008 | 971013s1974 r 00010 d | ||
| 010 | _a33079 | ||
| 011 | _a34051 | ||
| 035 | _a38167 | ||
| 040 | _cCHAP | ||
| 090 | _aFolleto 870 | ||
| 100 | 0 | 0 |
_aLozano, J. Carlos. _968813 |
| 245 | _aEnfermedades de la yuca Manchot esculenta Crantz) | ||
| 260 |
_aCali, Colombia : _bCentro Internacional de Agricultura Tropical, _c1974 |
||
| 300 |
_a47 p. _b: ilus. |
||
| 490 |
_aCentro Internacional de Agricultura Tropical. Folleto técnico _v; 5 |
||
| 500 | _ac.2 pub. en 1975 (serie DS-5) | ||
| 590 |
_aBATCH-UPD _b10 _c20130110 _lUCH01 _h0029 |
||
| 590 |
_aBATCH-UPD _b10 _c20130110 _lUCH01 _h2147 |
||
| 590 |
_aBATCH-UPD _b10 _c20130410 _lUCH01 _h1456 |
||
| 590 |
_aBATCH-UPD _b10 _c20130914 _lUCH01 _h0755 |
||
| 590 |
_aCONVERSION _b10 _c20130109 _lUCH01 _h1319 |
||
| 650 | 1 | 4 |
_aYuca _xEnfermedades. _9123283 |
| 700 | 0 |
_aBooth, R. H. _913809 |
|
| 710 | 0 |
_aCentro Internacional de Agricultura Tropical. _921185 |
|
| 830 | 0 |
_aCentro Internacional de Agricultura Tropical. Folleto técnico _v; 5 _921187 |
|
| 901 | _aBK | ||
| 942 | _cFOLL | ||
| 949 |
_aFolleto 870 _bBC _cFOLL _d-87267 _eTS1 _i38167 _si |
||
| 949 |
_aFolleto 870 _bBC _cFOLL _d-87268 _eTS2 _fc.2 _i38167 _si |
||
| 949 |
_aFolleto 870 _bBC _cFOLL _d-87269 _eTS2 _fc.3 _i38167 _si |
||
| 999 |
_c33079 _d33079 |
||